Normal view
MARC view
- Harvi, Hazrat Mulana Muhammad Hifzur Rehman Sayo
Entry Personal Name
001 - CONTROL NUMBER
- control field: 51478
003 - CONTROL NUMBER IDENTIFIER
- control field: NUST
005 - DATE AND TIME OF LATEST TRANSACTION
- control field: 20210314135003.0
008 - FIXED-LENGTH DATA ELEMENTS
- fixed length control field: 210314|| aca||aabn | a|a d
040 ## - CATALOGING SOURCE
- Original cataloging agency: NUST
- Transcribing agency: NUST
100 ## - HEADING--PERSONAL NAME
- Personal name: Harvi, Hazrat Mulana Muhammad Hifzur Rehman Sayo
670 ## - SOURCE DATA FOUND
- Source citation: Work cat.: (NUST): Harvi, Hazrat Mulana Muhammad Hifzur Rehman Sayo, اسلام کا اقتصادی نظام, 1984.
